2023 Heisman Favorites - Statistics

General Stats
  • This quiz has been taken 36 times
  • The average score is 12 of 17
Answer Stats
College Pos. Player % Correct
USC Qb Caleb Williams
97%
Ohio St. Wr Marvin Harrison Jr.
94%
Washington Qb Michael Penix Jr.
91%
LSU Qb Jayden Daniels
88%
Texas Qb Quinn Ewers
84%
Oregon Qb Bo Nix
81%
Michigan Qb J.J. McCarthy
81%
North Carolina Qb Drake Maye
78%
Florida St. Qb Jordan Travis
78%
Michigan Hb Blake Corum
75%
Notre Dame Qb Sam Hartman
72%
Penn St. Qb Drew Allar
66%
Ohio St. Qb Kyle McCord
66%
Georgia Qb Carson Beck
63%
Tennessee Qb Joe Milton
59%
Ohio St. Qb Devin Brown
34%
Texas A&M Qb Connor Weigman
19%
No matching quizzes found
Score Distribution
Percent of People with Each Score
Percentile by Number Answered
Your Score History
You have not taken this quiz